=LDR 00000nam 2200000 4500 =001 INLIS000000000028233 =005 20130612130543 =008 ***********************************ind** =035 ##$$0010-061300000028233 =041 ##$$a ind =082 ##$$a 658.15 =090 ##$$a 658.15, KUN m =100 ##$$a Kuncoro, Mudrajad =245 ##$$a Manajemen keuangan internasional, Pengantar ekonomi dan bisnis global, Mudrajad Kuncoro =260 ##$$a 1996 $b Yogyakarta =300 ##$$a xxii, 432 hlm., 23 cm =650 ##$$a Manajemen Keuangan =850 ##$$a NBPNMAT